00501nam a22001577a 4500003000400000020001800004082001600022100001800038245004500056250000600101260003300107300001800140942001200158952015600170999001700326SGT a9780198826866 a345.05bWER aWERLE GERHARD aPRINCIPLES OF INTERNATIONAL CRIMINAL LAW a4 aUNITED KINGDOMbOXFORDc2022 aLXXVIII , 630 2ddccBK 00102ddc40718LAWaSSSLbSSSLcREFd2022-09-29eAHUJA BOOK COMPANYg1265.00iSGTUl0o345.05 WERpFL2957r2022-09-29 00:00:00w2022-09-13yBKk15048 c23390d23390